Himalayan kingdom bhutan : (Record no. 131528)

MARC details
000 -LEADER
fixed length control field 00775nam a22002297a 4500
005 - DATE AND TIME OF LATEST TRANSACTION
control field 20170124110130.0
010 ## - LIBRARY OF CONGRESS CONTROL NUMBER
LC control number B-061197
020 ## - INTERNATIONAL STANDARD BOOK NUMBER
Terms of availability 00.00
International Standard Book Number 8173871191
035 ## - SYSTEM CONTROL NUMBER
System control number B-061197
037 ## - SOURCE OF ACQUISITION
Source of stock number/acquisition Cen Lib/Ret
040 ## - CATALOGING SOURCE
Original cataloging agency DPL
Language of cataloging EN
082 ## - DEWEY DECIMAL CLASSIFICATION NUMBER
Classification number 954.62
Item number SIN
100 ## - MAIN ENTRY--PERSONAL NAME
Personal name Sinha, A.C.
9 (RLIN) 32013
245 ## - TITLE STATEMENT
Title Himalayan kingdom bhutan :
Statement of responsibility, etc by A.C. Sinha
Remainder of title tradition, transition and transformation /
260 ## - PUBLICATION, DISTRIBUTION, ETC. (IMPRINT)
Place of publication, distribution, etc New Delhi
Name of publisher, distributor, etc Indus Publishing Company
Date of publication, distribution, etc 2001
270 ## - ADDRESS
City New Delhi
Address FS-5, tagore garden
Postal code 110027
300 ## - PHYSICAL DESCRIPTION
Extent 260p.
Dimensions 21cm(Hb)
500 ## - GENERAL NOTE
General note Includes glossary, bibliographical references and index
650 ## - SUBJECT ADDED ENTRY--TOPICAL TERM
Topical term or geographic name as entry element Political science
9 (RLIN) 32014
650 ## - SUBJECT ADDED ENTRY--TOPICAL TERM
Topical term or geographic name as entry element Political science
General subdivision Historiography
Geographic subdivision Bhutan
9 (RLIN) 32015
942 ## - ADDED ENTRY ELEMENTS (KOHA)
Source of classification or shelving scheme Dewey Decimal Classification
Koha item type English Books
Classification part 954.62
Call number suffix SIN
Holdings
Withdrawn status Lost status Damaged status Not for loan Home library Current library Date acquired Source of acquisition Cost, normal purchase price Total Checkouts Full call number Barcode Date last seen Date checked out Copy number Cost, replacement price Price effective from Koha item type
        Central Library Central Library 15/07/2015 Cen Lib/Ret 0.00 1 954.62 SIN B-061197 01/04/2021 17/03/2021 1 0.00 15/07/2015 English Books

© Delhi Public Library
Hit Counter
free hit counter